|
|
|
|
| LEADER |
00924nam a2200265 4500 |
| 001 |
c000062533 |
| 003 |
CARM |
| 005 |
00000000000000.0 |
| 008 |
690811s1969 enka b 00010 eng |
| 015 |
|
|
|a B69-03198
|
| 019 |
1 |
|
|a 703756
|z 45125522
|5 LACONCORD2021
|
| 020 |
|
|
|a 710043880
|
| 035 |
|
|
|a (OCoLC)10338
|5 LACONCORD2021
|
| 050 |
0 |
0 |
|a TK7871.4
|b .T82
|
| 100 |
1 |
|
|a Tucker, Edmund Belford.
|
| 245 |
1 |
|
|a Solid-state masers
|c [by] E. B. Tucker.
|
| 260 |
|
|
|a London,
|b Routledge & K. Paul;
|a New York,
|b Dover,
|c 1968 [i.e. 1969]
|
| 300 |
|
|
|a xii, 96 p.
|b illus.
|c 19 cm.
|
| 440 |
|
|
|a Solid-state physics
|
| 504 |
|
|
|a Bibliography: p. 96.
|
| 650 |
|
0 |
|a Masers.
|
| 852 |
8 |
|
|b CARM
|h A2:AE05G0
|i A00139
|p 0033194
|f BK
|
| 082 |
0 |
4 |
|a 537.5/344
|
| 999 |
f |
f |
|i 2e70b3d7-23a6-5eb1-84b0-52cbf846d5b7
|s faa64d72-c28d-54c7-8f24-944e8fe8b8c4
|
| 952 |
f |
f |
|p Can circulate
|a CAVAL
|b CAVAL
|c CAVAL
|d CARM 1 Store
|e A00139
|f A2:AE05G0
|h Other scheme
|i book
|m 0033194
|